Corporate diplomacy :building reputations and relationships with external stakeholders / (Record no. 4372)

000 -LEADER
fixed length control field 01015cam a2200301 i 4500
001 - CONTROL NUMBER
control field 18268879
003 - CONTROL NUMBER IDENTIFIER
control field OSt
005 - DATE AND TIME OF LATEST TRANSACTION
control field 20241111121924.0
008 - FIXED-LENGTH DATA ELEMENTS--GENERAL INFORMATION
fixed length control field 140815s2014 enka b 001 0 eng
010 ## - LIBRARY OF CONGRESS CONTROL NUMBER
LC control number 2012276654
020 ## - INTERNATIONAL STANDARD BOOK NUMBER
International Standard Book Number 9781783530557 (hbk.)
020 ## - INTERNATIONAL STANDARD BOOK NUMBER
International Standard Book Number 1783530553 (hbk.)
020 ## - INTERNATIONAL STANDARD BOOK NUMBER
Cancelled/invalid ISBN 9781783531400 (ePub ebook)
040 ## - CATALOGING SOURCE
Original cataloging agency DLC
Language of cataloging eng
Description conventions rda
Transcribing agency DLC
042 ## - AUTHENTICATION CODE
Authentication code pcc
050 00 - LIBRARY OF CONGRESS CALL NUMBER
Classification number HD2744.H45 2014
082 00 - DEWEY DECIMAL CLASSIFICATION NUMBER
Classification number 659.2/85
Edition number 23
100 1# - MAIN ENTRY--PERSONAL NAME
Personal name Henisz, Witold J.,
Relator term author.
245 10 - TITLE STATEMENT
Title Corporate diplomacy :building reputations and relationships with external stakeholders /
Statement of responsibility, etc Witold J. Henisz.
260 ## - PUBLICATION, DISTRIBUTION, ETC. (IMPRINT)
Place of publication, distribution, etc New York
Name of publisher, distributor, etc Routldge
Date of publication, distribution, etc 2014
300 ## - PHYSICAL DESCRIPTION
Extent xx, 203 pages :
Other physical details illustrations ;
Dimensions 24 cm
504 ## - BIBLIOGRAPHY, ETC. NOTE
Bibliography, etc Includes bibliographical references (pages 174-185) and index.
650 #0 - SUBJECT ADDED ENTRY--TOPICAL TERM
Topical term or geographic name as entry element Corporations
General subdivision Investor relations.
650 #0 - SUBJECT ADDED ENTRY--TOPICAL TERM
Topical term or geographic name as entry element Business networks.
906 ## - LOCAL DATA ELEMENT F, LDF (RLIN)
a 7
b cbc
c origres
d 3
e ncip
f 20
g y-gencatlg
942 ## - ADDED ENTRY ELEMENTS (KOHA)
Source of classification or shelving scheme
Koha item type Book
Holdings
Withdrawn status Lost status Source of classification or shelving scheme Damaged status Not for loan Home library Current library Shelving location Date acquired Total Checkouts Full call number Barcode Date last seen Copy number Price effective from Koha item type Date checked out
          Riara University Library Riara University Library General stack 08/11/2024   HD2744.H45 2014 10710/24 11/11/2024 C.1 11/11/2024 Book  
          Riara University Library Riara University Library General stack 08/11/2024 1 HD2744.H45 2014 10711/24 05/12/2024 C.2 11/11/2024 Book 13/11/2024

Riara University Library,
P.O. Box 49940-00100,
Nairobi, Kenya.